Geo-environment and landscape evolution III : (رقم التسجيلة. 22168)

تفاصيل مارك
000 -الفاتح
حقل البيانات ثابتة الطول 01557cam a22003617a 4500
001 - رقم الضبط
رقم الضبط 15520633
003 - محدد رقم الضبط
رقم الضبط OSt
005 - وقت وتاريخ اخر تعامل مع التسجيلة
رقم الضبط 20150408114023.0
008 - عناصر البيانات ثابتة الطول - معلومات عامة
حقل البيانات ثابتة الطول 081113s2008 enkab b 101 0 eng d
010 ## - رقم ضبط مكتبة الكونجرس
رقم ضبط مكتبة الكونجرس 2008278090
015 ## - رقم الببليوجرافية الوطنية
رقم الببليوجرافية الوطنية GBA849181
المصدر bnb
016 7# - رقم ضبط الوكاله الوطنية للضبط الببليوجرافي
رقم ضبط التسجيلة 014568042
المصدر Uk
020 ## - الرقم الدولى المعيارى للكتب
الرقم الدولى المعيارى للكتاب 9781845641177 (hbk.)
020 ## - الرقم الدولى المعيارى للكتب
الرقم الدولى المعيارى للكتاب 1845641175 (hbk.)
035 ## - رقم ضبط النظام
رقم ضبط النظام (OCoLC)ocn214309288
040 ## - مصدر الفهرسة
وكالة الفهرسة الأصلية UKM
وكالة النسخ UKM
وكالة التعديل BWKUK
-- BWK
-- BTCTA
-- YDXCP
-- BAKER
-- BWX
-- DLC
042 ## - رمز التحقق
رمز التحقق lccopycat
050 00 - رقم طلب مكتبة الكونجرس
رقم التصنيف QE38
رقم المادة .I545 2008
082 04 - رقم تصنيف ديوى العشرى
رقم التصنيف 550
رقم الطبعة 22
111 2# - المدخل الرئيسى - اسم مؤتمر
اسم المؤتمر أو اسم السلطة كمدخل International Conference on Evolution, Monitoring, Simulation, Management and Remediation of the Geological Environment and Landscape.
رقم جزء/قسم/الاجتماع (3rd :
تاريخ الاجتماع 2008 :
موقع المؤتمر New Forest, England)
9 (RLIN) 11983
245 10 - بيان العنوان
العنوان Geo-environment and landscape evolution III :
بقية العنوان evolution, monitoring, simulation, management and remediation of the geological environment and landscape /
بيان المسئوليه,etc editors, U. Mander, C.A. Brebbia, J.F. Martin-Duque.
260 ## - PUBLICATION, DISTRIBUTION, ETC. (IMPRINT)
مكان الناشر او الموزع Southampton, UK ;
-- Boston :
اسم الناشر او الموزع WIT,
تاريخ النشر أو التوزيع c2008.
300 ## - الوصف المادى
التعداد 246 p. :
تفاصيل ماديه اخرى للوعاء ill., maps ;
أبعاد الوعاء 24 cm.
440 #0 - بيان السلسلة/مدخل إضافى-العنوان
العنوان WIT transactions on the built environment ;
رقم المجلد/ التعيين التسلسلي v. 100
9 (RLIN) 11984
504 ## - تبصرة ببليوجرافية
تبصرة ببليوجرافية,الخ Includes bibliographical references and index.
650 #0 - المدخل الاضافى بالموضوع-مصطلح موضوعى
مصطلح موضوعي أو اسم جغرافي كعنصر مدخل Environmental geology
التقسيم الفرعي الشكلي Congresses.
9 (RLIN) 11985
700 1# - المدخل الاضافى - اسم شخصى
الإسم الشخصى Mander, Ü
الشكل الأكمل للاسم (Ülo)
9 (RLIN) 11986
700 1# - المدخل الاضافى - اسم شخصى
الإسم الشخصى Martin-Duque, J. F.
9 (RLIN) 11987
700 1# - المدخل الاضافى - اسم شخصى
الإسم الشخصى Brebbia, C. A.
9 (RLIN) 11979
856 41 - الوصول و الموقع الالكترونى
مواد محددة Table of contents only
معرف المصدر الموحد <a href="http://www.loc.gov/catdir/toc/fy0903/2008278090.html">http://www.loc.gov/catdir/toc/fy0903/2008278090.html</a>
942 ## - عناصر المدخل الإضافي( كوها)
مصدر التصنيف او مخطط الترفيف Dewey Decimal Classification
Koha [default] item type كتاب
المقتنيات
حالة الفقد نموذج السعر الفعال حالة تلف ليس للاعارة رقم الطلب تاريخ الاكتساب الموقع الحالي الباركود الفرع الرئيسي Date last seen نوع المادة فى نظام كوها مصدر التصنيف او خطة الترفيف Total Checkouts
  2013-03-10     550 G E L 2012-04-27 المكتبة المركزية بالمجمعة (CL) 00085982 المكتبة المركزية بالمجمعة (CL) 2013-03-10 كتاب Dewey Decimal Classification  
  2013-03-10     550 G E L 2012-04-27 المكتبة المركزية بالمجمعة (CL) 00085983 المكتبة المركزية بالمجمعة (CL) 2013-03-10 كتاب Dewey Decimal Classification